[Event "Yingmei Cup CHN-chT 2017"]
[Site "?"]
[Date "2017.07.28"]
[Round "10"]
[White "Wan, Yunguo"]
[Black "Lan, Zilun"]
[Result "1-0"]
[WhiteElo "2492"]
[BlackElo "2357"]
[Annotator "TA"]
[PlyCount "59"]
[EventDate "2017.??.??"]
[SourceTitle "Ningbo"]

1. e4 c6 2. d4 d5 3. e5 Bf5 4. Nd2 e6 5. Nb3 Nd7 6. Nf3 Ne7 {B12: Caro-Kann:
Advance Variation} 7. Be2 Bg6 8. O-O Nf5 {The position is equal.} 9. Bd2 Be7
10. g4 Nh4 11. Nxh4 Bxh4 12. f4 {Threatens to win with f5.} f5 13. exf6 Bxf6
14. g5 Be7 15. Bg4 {[#]} Nf8 $146 {[#]} ({Black should try} 15... Bf5) 16. Nc5
(16. Qe2 $1 $16) 16... Bxc5 $14 17. dxc5 Qe7 18. b4 O-O-O 19. Bc3 $36 {White
fights for an advantage.} h6 20. Qd4 Rd7 21. Rae1 {f5 is the strong threat.} (
21. b5 $5) 21... Be4 $1 22. Qe5 hxg5 23. f5 ({Reject} 23. Qxg5 Nh7 $11) 23...
Rh6 $2 (23... Rh4 $16 24. h3 exf5 25. Rxf5 (25. Bxf5 Qxe5 26. Bxe5 Bxf5 $15)
25... Bxf5 26. Qxf5 Qf7) 24. fxe6 $18 Nxe6 25. Re2 b6 {Black wants to play ...
Kb7.} 26. Ref2 Kb7 {[#] next ...Nf4 is good for Black.} 27. Rf7 $1 Qe8 {[#]} (
27... Qxf7 28. Rxf7) 28. Rf8 $1 Qg6 (28... Nxf8 29. Qxe8) 29. Qb8+ Ka6 30. Be2+
{Precision: White = 75%, Black = 47%.} 1-0

[Event "Yingmei Cup CHN-chT 2017"]
[Site "?"]
[Date "2017.07.28"]
[Round "10"]
[White "Lin, Chen"]
[Black "Malakhov, Vladimir"]
[Result "1/2-1/2"]
[WhiteElo "2475"]
[BlackElo "2714"]
[Annotator "TA"]
[PlyCount "75"]
[EventDate "2017.??.??"]
[SourceTitle "Ningbo"]

1. e4 e5 2. Nf3 Nc6 3. Bb5 Nf6 4. O-O Nxe4 5. Re1 Nd6 6. Nxe5 Be7 7. Bf1 Nxe5
8. Rxe5 O-O 9. d4 Bf6 10. Re1 Nf5 11. c3 d5 {C67: Ruy Lopez: Berlin Defence: 4
0-0 Nxe4} 12. Bf4 c6 13. Nd2 Nh4 14. Bd3 Bf5 15. Bxf5 Nxf5 {[#] LiveBook: 14
Games} 16. Qc2 $146 ({Find the theoretical novelty and annotate with similar
games:} 16. Nf3 Qd7 17. Qd3 Rae8 18. h3 Nh4 19. Nxh4 Bxh4 {1/2-1/2 (33) Zhao,J
(2616)-Wang, Y (2706) China 2017}) 16... Qd7 17. Nf3 Rfe8 18. Bg5 Bxg5 19. Nxg5
f6 20. Nf3 h5 21. Kf1 {The position is equal.} h4 22. h3 g5 23. Rxe8+ Rxe8 24.
Re1 {[#] And now Rxe8+ would win.} Rxe1+ 25. Nxe1 Ne7 26. Qe2 Kf7 27. Nd3 Qf5
28. Ke1 Ng6 29. Kd2 b6 30. Qh5 {Black must now prevent Qh7+.} Kg7 {[#] Hoping
for . ..Qxd3+!} 31. Qe2 a5 32. a4 Qe4 33. f3 Qf5 34. Qe8 Nf4 35. Qe7+ Kg6 36.
Qe8+ Kg7 37. Qe7+ Kg6 38. Qe8+ {Precision: White = 62%, Black = 55%.} 1/2-1/2

[Event "Yingmei Cup CHN-chT 2017"]
[Site "?"]
[Date "2017.07.28"]
[Round "10"]
[White "Lei, Tingjie"]
[Black "Wang, Jue"]
[Result "1/2-1/2"]
[WhiteElo "2471"]
[BlackElo "2335"]
[Annotator "TA"]
[PlyCount "85"]
[EventDate "2017.??.??"]
[SourceTitle "Ningbo"]

1. e4 c5 2. Nf3 d6 3. d4 cxd4 4. Nxd4 Nf6 5. Nc3 a6 6. f3 e5 7. Nb3 Be6 8. Be3
h5 9. Qd2 Nbd7 10. Nd5 {B90: Sicilian Najdorf: Unusual White 6th moves, 6 Be3
Ng4 and 6 Be3 e5} Bxd5 11. exd5 g6 12. O-O-O Nb6 13. Qa5 Bh6 14. Bxh6 Rxh6 {
LiveBook: 7 Games} 15. Qd2 Rh8 16. f4 exf4 ({Much worse is} 16... Nbxd5 17.
fxe5 dxe5 18. Bc4 $14) 17. Qxf4 {[#]} Kf8 $146 18. Bd3 {Rhf1 is the strong
threat.} Kg7 $1 19. Nd4 Ng4 20. h3 Qf6 21. Nf5+ gxf5 22. hxg4 fxg4 23. Qxf6+
Kxf6 24. Rdf1+ Kg7 25. Rf5 Nd7 26. Rg5+ Kf6 27. Rgxh5 Rxh5 28. Rxh5 $11 {
Endgame KRB-KRN} Ne5 29. Rh6+ Ke7 30. Bf5 Rg8 31. b3 b5 32. Kd2 Rg5 33. Bc8 (
33. Be4 $11 {keeps the balance.}) 33... a5 $17 34. Ke3 {[#]} Ng6 $1 35. c4 bxc4
36. bxc4 Re5+ 37. Kd2 g3 {And now ...Nf4 would win.} 38. Bg4 Re4 39. Bf5 Rxc4 {
[#] Strongly threatening . ..Nf4.} 40. Bxg6 {The position is equal.} fxg6 41.
Rxg6 Ra4 42. Rxg3 Rxa2+ 43. Kc1 {Precision: White = 61%, Black = 96%.} 1/2-1/2

[Event "Yingmei Cup CHN-chT 2017"]
[Site "?"]
[Date "2017.07.28"]
[Round "10"]
[White "Huang, Qian"]
[Black "Girya, Olga"]
[Result "1/2-1/2"]
[WhiteElo "2450"]
[BlackElo "2502"]
[Annotator "TA"]
[PlyCount "62"]
[EventDate "2017.??.??"]
[SourceTitle "Ningbo"]

1. d4 d5 2. Nf3 Nf6 3. c4 e6 4. Nc3 Be7 5. Bg5 h6 6. Bh4 c6 7. e3 Nbd7 8. Qc2
O-O 9. cxd5 Nxd5 10. Bxe7 Qxe7 11. Be2 Nxc3 12. Qxc3 c5 13. O-O b6 14. Rac1 Bb7
15. dxc5 Nxc5 16. b4 {LiveBook: 4 Games. D56: Queen's Gambit Declined: Lasker
Defence} Na6 (16... Ne4 17. Qc7 Qxc7 18. Rxc7 Bd5 19. Ba6 Nf6 20. Ne5 Bxa2 21.
e4 Rad8 22. f3 Rd2 23. Rfc1 Nh5 24. Rxa7 {1-0 (38) Gurevich,M (2605)
-Hjartarson,J (2605) Groningen 1993}) 17. a3 Rac8 18. Qe5 Nc7 $146 ({Find the
theoretical novelty and annotate with similar games:} 18... Nb8 19. Nd4 Nc6 20.
Nxc6 Rxc6 21. Rxc6 Bxc6 22. Rc1 Qb7 23. f3 Rd8 {1/2-1/2 (33) Schweighofer,J 
(1850)-Klink,T (2111) Lueneburg 2017}) 19. Nd4 Nd5 20. Bf3 Qg5 21. Qxg5 hxg5
22. h3 a6 23. a4 Rfd8 24. b5 axb5 25. axb5 Kf8 {The position is equal.} 26. Ra1
Ra8 27. Rfc1 Rxa1 28. Rxa1 Ra8 29. Rc1 Rc8 30. Ra1 Ra8 31. Rc1 Rc8 {Precision:
White = 52%, Black = 77%.} 1/2-1/2

[Event "Yingmei Cup CHN-chT 2017"]
[Site "?"]
[Date "2017.07.28"]
[Round "10"]
[White "Fang, Yan"]
[Black "Zhou, Weiqi"]
[Result "1/2-1/2"]
[WhiteElo "2447"]
[BlackElo "2606"]
[Annotator "TA"]
[PlyCount "71"]
[EventDate "2017.??.??"]
[SourceTitle "Ningbo"]

1. e4 e5 2. Nf3 Nc6 3. Bc4 Bc5 4. O-O Nf6 5. d3 d6 6. c3 a5 {[%emt 0:00:05] C4:
Giuoco Piano: 4 c3 Nf6, main lines with 5 d4 and 5 d3} (6... a6 7. a4 O-O 8. h3
h6 9. Re1 Ba7 10. Nbd2 Ne7 11. d4 Ng6 12. Bf1 Re8 13. Qc2 Nh7 14. dxe5 dxe5 15.
Nc4 Qf6 {1/2-1/2 (56) Nepomniachtchi,I (2742)-Radjabov,T (2724) Geneve 2017})
7. Re1 O-O 8. Nbd2 Be6 9. Bb3 Bxb3 $146 ({Predecessor:} 9... Qd7 10. Ba4 Bg4
11. h3 Bxh3 12. gxh3 Qxh3 13. Nf1 Ng4 14. d4 Bb6 15. Bxc6 bxc6 {1/2-1/2 (42)
Kuybokarov,T (2480)-Demuth,A (2521) Brisbane 2017}) 10. Nxb3 a4 11. Nxc5 dxc5
12. Bg5 h6 13. Be3 Qe7 14. Nh4 b6 15. Nf5 Qe6 $1 16. Qf3 Ne7 17. d4 cxd4 18.
Nxe7+ Qxe7 19. cxd4 exd4 20. Bxd4 Rfd8 21. Bxf6 Qxf6 22. Qxf6 gxf6 $11 {
Endgame KRR-KRR} 23. Red1 a3 24. b3 Re8 {The position is equal.} 25. f3 f5 26.
Rd7 Rad8 27. Rad1 Rxd7 28. Rxd7 fxe4 29. fxe4 Rxe4 {KR-KR} 30. Kf2 ({Don't
blunder} 30. Rxc7 $2 Re2 $19) 30... c5 31. Ra7 c4 {White must now prevent ...
c3.} 32. bxc4 Rxc4 {[#] ...Rc2+ is the strong threat.} 33. Rxa3 Rc2+ 34. Kf3
Kg7 35. Rb3 Rxa2 36. Rxb6 {Precision: White = 72%, Black = 86%.} 1/2-1/2

[Event "Yingmei Cup CHN-chT 2017"]
[Site "?"]
[Date "2017.07.28"]
[Round "10"]
[White "Bodnaruk, Anastasia"]
[Black "Gu, Tianlu"]
[Result "1-0"]
[WhiteElo "2443"]
[BlackElo "2212"]
[Annotator "TA"]
[PlyCount "73"]
[EventDate "2017.??.??"]
[SourceTitle "Ningbo"]

1. e4 c5 2. Nf3 Nc6 3. d4 cxd4 4. Nxd4 g6 5. c4 Nf6 6. Nc3 d6 7. Be2 Bg7 8. Be3
O-O 9. O-O a5 10. Ndb5 {B38: Sicilian: Maroczy Bind with 5...Bg7 and 7...0-0}
Be6 11. Rc1 Ne5 $146 ({Find the theoretical novelty and annotate with similar
games:} 11... a4 12. Nxa4 Nxe4 13. b3 Ra6 14. Bf3 Nf6 15. Qe2 Qb8 16. Bf4 Bd7
17. Bxc6 Rxc6 {1/2-1/2 (34) Schaller,S (2301)-Reeh,O (2416) Germany 2002}) 12.
b3 {White is better.} Bd7 13. f3 h5 14. h3 Bc6 15. f4 Ned7 16. Bf3 b6 17. Qc2
Ne8 18. Rcd1 Qc8 19. g4 Nc5 (19... hxg4 $142 20. hxg4 (20. Bxg4 Nef6 $16) 20...
Nc7) 20. Qg2 h4 21. f5 Nf6 22. Bg5 Qb7 23. Rfe1 a4 24. Nd4 $2 (24. Bxh4 $18 {
is more deadly.} g5 25. Bxg5) 24... Nh7 $16 25. Bxh4 Bxd4+ 26. Rxd4 {[#]
Hoping for b4.} axb3 27. axb3 {Threatens to win with b4.} Nxb3 28. Rdd1 Nc5 29.
Nd5 g5 (29... Bxd5 $142 30. Rxd5 (30. exd5 g5 $14) 30... Ra3) 30. e5 Kh8 $2 ({
Don't blunder} 30... gxh4 $2 31. exd6 Kg7 32. Qb2+ e5 33. fxe6+ (33. Qxe5+ f6
$11) 33... f6 34. e7 $18) (30... dxe5 $16 {is a better chance.} 31. Rxe5 Ra3)
31. exd6 $18 gxh4 32. dxe7 Rfe8 {intending ...Qb8.} 33. Qb2+ Kg8 34. Nf6+ Nxf6
35. Qxf6 {Qg5+ would kill now.} Ne4 {[#]} 36. Rxe4 $1 Bxe4 37. Qg5+ {Precision:
White = 80%, Black = 17%.} 1-0

[Event "Yingmei Cup CHN-chT 2017"]
[Site "?"]
[Date "2017.07.28"]
[Round "10"]
[White "Peng, Xiongjian"]
[Black "Lu, Shanglei"]
[Result "1/2-1/2"]
[WhiteElo "2423"]
[BlackElo "2620"]
[Annotator "TA"]
[PlyCount "88"]
[EventDate "2017.??.??"]
[SourceTitle "Ningbo"]

1. d4 d6 2. Nf3 g6 3. c4 f5 4. g3 Nf6 5. Bg2 Bg7 6. O-O O-O 7. Nc3 Qe8 8. Re1
Nc6 {[%emt 0:00:05] LiveBook: 9 Games. A87: Dutch Defence: Leningrad System:
Nf3} (8... Qf7 9. e4 fxe4 10. Ng5 Qxc4 11. Ngxe4 Nxe4 12. Rxe4 Qf7 13. Rf4 Bf6
14. Nd5 g5 15. Rf3 Nc6 16. h3 h6 17. Nxf6+ exf6 {0-1 (71) Bacrot,E (2686)
-Ivanchuk,V (2720) Ashdod 2015}) 9. Nb5 (9. Nd5 $5 Qd8 10. Nxf6+ exf6 11. Qb3
$16) 9... Qd7 $146 ({Find the theoretical novelty and annotate with similar
games:} 9... Qd8 10. d5 Ne5 11. Ng5 h6 12. Nh3 c5 13. dxc6 bxc6 14. Nd4 Qb6 15.
b3 Nfg4 16. e3 Bd7 17. Rb1 g5 18. f3 Nf6 {1-0 (54) Morris,C (2215)-Waters,C 
(2235) England 1997}) 10. d5 Nd8 {White is slightly better.} 11. Nfd4 ({
White should try} 11. Nc3 $14) 11... c5 $11 12. dxc6 ({White should play} 12.
Nf3 $11) 12... bxc6 $15 13. Nc3 e5 14. Nc2 Ne6 15. b3 Bb7 16. Ba3 Rfd8 17. e4
fxe4 18. Nxe4 Nxe4 19. Bxe4 Ng5 20. Bg2 $1 Nh3+ 21. Bxh3 $1 Qxh3 22. Ne3 d5 23.
Qg4 Qxg4 24. Nxg4 Re8 25. Bc5 a5 26. Rad1 a4 27. b4 h5 28. Ne3 Rad8 29. f3 Bf8
(29... d4 {looks sharper.} 30. Nf1 Ba6 31. Nd2 Bh6 32. Bb6 Rb8) 30. Bxf8 Rxf8
31. Nf1 (31. cxd5 $11 cxd5 32. Ng2) 31... dxc4 $17 32. Rxd8 Rxd8 33. Rxe5 {
Endgame KRB-KRN} c3 {And now ...Rd1 would win.} 34. Rc5 {[#]} Ba6 (34... Rd1 $1
$17 {Hoping for ...Ba6.} 35. Kf2 Ra1 36. Rxc3 Rxa2+ 37. Ke3 Ba6) 35. Ne3 $1 $15
({Wrong is} 35. Rxc6 $2 Rd1 $19) 35... Rd3 36. Kf2 $1 a3 {The position is
equal.} 37. Rxc6 Bb7 38. Rc7 (38. Rxg6+ Kf7 $17) 38... Rd2+ 39. Ke1 Rxa2 40.
Rxc3 ({But not} 40. Rxb7 $2 Rxh2 41. Kd1 a2 $19) 40... Ra1+ 41. Kf2 $132 {
White is fighting back} a2 42. Ra3 Bd5 43. Nxd5 Rh1 $1 44. Ra8+ Kg7 {Precision:
White = 57%, Black = 50%.} 1/2-1/2

[Event "Yingmei Cup CHN-chT 2017"]
[Site "?"]
[Date "2017.07.28"]
[Round "10"]
[White "Ding, Yixin"]
[Black "Zhai, Mo"]
[Result "1-0"]
[WhiteElo "2420"]
[BlackElo "2303"]
[Annotator "TA"]
[PlyCount "81"]
[EventDate "2017.??.??"]
[SourceTitle "Ningbo"]

1. e4 e6 2. d4 d5 3. Nc3 Nf6 4. e5 Nfd7 5. f4 c5 6. Nf3 Be7 {C11: French:
Classical System: 4 e5 and 4 Bg5 dxe4} (6... Nc6 7. Be3 a6 8. Qd2 b5 9. Be2 Be7
10. O-O O-O 11. a3 Rb8 12. Kh1 Qc7 13. dxc5 Nxc5 14. b4 Ne4 15. Nxe4 dxe4 16.
Nd4 Nxd4 17. Bxd4 {1/2-1/2 (36) Vachier Lagrave,M (2791) -Bluebaum,M (2642)
Dortmund 2017}) 7. Be3 b6 8. h4 Nc6 9. h5 {LiveBook: 4 Games} cxd4 $146 ({
Predecessor:} 9... O-O 10. h6 g6 11. Qd2 cxd4 12. Nxd4 Nxd4 13. Bxd4 Nb8 14.
O-O-O {1/2-1/2 (39) Bartel,M (2638)-Tomczak,J (2601) Warsaw 2017}) 10. Nxd4
Bh4+ 11. Kd2 (11. Rxh4 $5 Qxh4+ 12. Bf2 Qxf4 13. Nxc6 $11) 11... Nxd4 12. Bxd4
{Strongly threatening Qg4.} Be7 13. Qg4 O-O $1 14. Rd1 Bc5 15. Kc1 Rb8 ({
Black should try} 15... a6 $14) 16. Kb1 (16. Bxc5 $6 bxc5 17. b3 c4 $11) 16...
Bxd4 17. Rxd4 b5 18. Bd3 (18. Bxb5 $2 a6 $19) (18. Rd1 {is more complex.} f5
19. Qf3 Nc5 20. Ne2 Bd7 21. Nd4) 18... b4 19. Ne2 f5 20. Qf3 (20. exf6 {
looks sharper.} Nxf6 21. Qh4 Qc7 22. Rc1 h6 23. Rg1) 20... Nc5 21. g4 Qb6 ({
Black should play} 21... fxg4 $11 22. Qxg4 Kh8) 22. Qg2 ({Better is} 22. gxf5
$14 Nxd3 23. Rxd3) 22... Na4 $2 (22... Rf7 $11 {and Black is okay.}) 23. gxf5
$18 Nc3+ (23... exf5 $142 24. Rg1 (24. Rxd5 Bb7 $16) 24... Rf7 25. Qxd5 (25.
Rxd5 Bb7 $16) 25... Be6) 24. Nxc3 (24. Ka1 $2 Nxe2 25. h6 Rb7 $19) 24... bxc3
25. b3 $40 {White has strong attack.} Qxd4 {[#]} (25... exf5 $142 26. Rg1 (26.
Qxd5+ Be6 $18) (26. Rxd5 Bb7 $11) 26... Rf7 27. Qxd5 Be6) 26. h6 $1 Rb7 {[#]}
27. f6 $1 Rxf6 $2 {[#]} (27... g6) 28. Bxh7+ $1 Kf8 (28... Kxh7 29. hxg7+) 29.
exf6 Qxf6 30. Qf2 ({Not} 30. Bd3 gxh6 31. Qf2 d4 $11) 30... Rc7 31. hxg7+ Qxg7
32. Bd3 Qf6 33. Rg1 d4 $2 (33... Bd7 {is a better defense.} 34. Rg6 Qh8) 34.
Qh2 Rf7 35. Qh5 ({Less strong is} 35. Rg6 Qxf4 36. Qh8+ Ke7 $16) 35... Bd7 36.
Qc5+ Re7 37. Qd6 Be8 {[#]} 38. f5 $1 Bd7 (38... exf5 39. Qxf6+) 39. a4 (39. Rg6
$142 Qh4 40. a4 Kf7 41. f6 Qxf6 42. Rxf6+ Kxf6 43. Qxd4+ Kf7 44. Qxa7) 39... a5
40. Rg6 Qh4 41. f6 {Precision: White = 74%, Black = 40%.} 1-0

[Event "Yingmei Cup CHN-chT 2017"]
[Site "?"]
[Date "2017.07.28"]
[Round "10"]
[White "Zhang, Ziji"]
[Black "Ding, Liren"]
[Result "1/2-1/2"]
[WhiteElo "2318"]
[BlackElo "2759"]
[Annotator "TA"]
[PlyCount "97"]
[EventDate "2017.??.??"]
[SourceTitle "Ningbo"]

1. d4 Nf6 2. c4 e6 3. Nf3 d5 4. Nc3 c6 5. e3 Nbd7 6. Qc2 Bd6 7. Bd3 dxc4 8.
Bxc4 b5 9. Be2 O-O 10. O-O a6 11. Rd1 Qc7 12. e4 e5 13. g3 Re8 14. a3 {D46:
Semi-Slav: 5 e3 Nbd7 6 Bd3, Black avoids the Meran} exd4 15. Nxd4 Be5 (15...
Nc5 16. Bf3 Bh3 17. b4 Ne6 18. Nxe6 Bxe6 19. Bg2 a5 20. bxa5 Rxa5 21. Bb2 Bc4 {
0-1 (47) Moranda,W (2591)-Korobov,A (2693) Wroclaw 2014}) 16. Bf3 {LiveBook:
26 Games} Nb6 17. Bg2 c5 18. Nde2 Rb8 $146 ({Find the theoretical novelty and
annotate with similar games:} 18... Bb7 19. f3 c4 20. Be3 Nbd7 21. Nf4 Bxf4 22.
Bxf4 {1-0 (49) Acs,P (2545)-Al Sayed,M (2443) Amsterdam 2004}) 19. Bf4 b4 {
[#] And now ...Bxf4 would win.} 20. Na4 Nxa4 21. Qxa4 Bg4 22. f3 Be6 23. Qxa6
h5 (23... Nd7 {with more complications.} 24. axb4 Rxb4 25. Bxe5 Nxe5 26. Nf4
Rxb2 27. Nxe6 fxe6 28. Qd6 Qb8) 24. axb4 Rxb4 {[#] Strongly threatening ...Bc4.
} 25. Qa5 Rxb2 26. Qxc7 Bxc7 27. Bxc7 Rxe2 28. Rac1 Bb3 29. Rd8 Rxd8 30. Bxd8
Nd7 31. Bc7 Ra2 32. Bf1 g5 33. Bb5 Ra7 34. Bd6 g4 35. fxg4 (35. f4 $16) 35...
hxg4 $11 {The position is equal.} 36. Bxc5 Nxc5 37. Rxc5 $16 {Endgame KRB-KRB}
Be6 38. Be2 {aiming for Bxg4!} Kh7 39. Kf2 Kh6 40. Bc4 Bxc4 41. Rxc4 $11 {KR-KR
} Ra2+ 42. Ke3 Rxh2 43. Kf4 Rf2+ 44. Kxg4 Kg7 45. Rc5 Re2 46. Rg5+ Kf6 47. Rf5+
Kg6 48. Rf4 Re3 49. Kh4 {Precision: White = 54%, Black = 71%.} 1/2-1/2

[Event "Yingmei Cup CHN-chT 2017"]
[Site "?"]
[Date "2017.07.28"]
[Round "10"]
[White "Yao, Lan"]
[Black "Ni, Shiqun"]
[Result "1/2-1/2"]
[WhiteElo "2273"]
[BlackElo "2450"]
[Annotator "TA"]
[PlyCount "89"]
[EventDate "2017.??.??"]
[SourceTitle "Ningbo"]

1. e4 e5 2. Nf3 Nf6 3. Nxe5 d6 4. Nf3 Nxe4 5. d4 Be7 6. Bd3 Nf6 7. O-O O-O 8.
h3 Re8 9. Re1 {C42: Petroff Defence: 3 Nxe5 and unusual White 3rd moves} Nbd7
10. c3 $146 ({Predecessor:} 10. c4 c6 11. Nc3 a6 12. Qc2 b5 13. b3 bxc4 14.
bxc4 h6 15. Bf4 {1-0 (27) Salem,A (2603)-Korobkov,P (2423) Moscow 2015}) 10...
b6 11. Nbd2 ({White should play} 11. c4 $16) 11... Bb7 $11 12. Nf1 Bf8 13. Rxe8
Qxe8 14. Bf4 Qe7 15. N1d2 a6 16. Qc2 Re8 17. Re1 Qd8 $1 18. Qd1 g6 19. Re2 Bg7
20. Qe1 h6 (20... Rxe2 {keeps more tension.} 21. Qxe2 b5 22. Bg5 Qa8 23. b3 h6)
21. Rxe8+ Qxe8 22. Qxe8+ Nxe8 23. Be4 Bxe4 24. Nxe4 f5 25. Ng3 Kf7 26. Kf1 Nef6
27. Bc1 Ke6 28. Ke2 Ne4 29. Nxe4 {The position is equal.} fxe4 {Endgame KBN-KBN
} 30. Nd2 d5 31. f3 exf3+ 32. Nxf3 g5 33. Be3 Bf8 34. Bg1 Bd6 35. Bh2 Bxh2 36.
Nxh2 {KN-KN} h5 37. Ke3 Nf6 38. Nf3 Ne4 39. Ne5 a5 40. a4 Kd6 41. Kd3 Nf2+ 42.
Ke2 Ne4 43. Kd3 Nf2+ 44. Ke2 Ne4 45. Kd3 {Precision: White = 60%, Black = 64%.}
1/2-1/2

[Event "Yingmei Cup CHN-chT 2017"]
[Site "?"]
[Date "2017.07.28"]
[Round "10"]
[White "Chu, Ruotong"]
[Black "Guo, Qi"]
[Result "1/2-1/2"]
[WhiteElo "2270"]
[BlackElo "2413"]
[Annotator "TA"]
[PlyCount "87"]
[EventDate "2017.??.??"]
[SourceTitle "Ningbo"]

1. d4 Nf6 2. c4 e6 3. g3 d5 4. Bg2 Bb4+ 5. Nd2 O-O 6. Ngf3 b6 7. O-O Bb7 8. Ne5
Nbd7 9. Qa4 {[#] Strongly threatening Nxd7. E16: Queen's Indian: 4 g3 Bb7 5
Bg2 Bb4+} Bxd2 (9... Bd6 10. Nxd7 Qxd7 11. Qxd7 Nxd7 12. cxd5 Bxd5 13. e4 Bb7
14. Rd1 Be7 15. Nc4 Nf6 16. f3 c5 17. dxc5 Bxc5+ 18. Be3 Bxe3+ 19. Nxe3 Rfd8
20. Rxd8+ Rxd8 21. Rd1 Rxd1+ 22. Nxd1 e5 {1/2-1/2 (22) Bluebaum,M (2632)-Yu,Y 
(2738) Moscow 2017}) 10. Bxd2 c5 11. Nxd7 $146 {White is slightly better.} ({
Predecessor:} 11. e3 Qc7 12. Nxd7 Nxd7 13. cxd5 Bxd5 14. e4 Bc6 15. Qc2 Qb7 16.
Rac1 {0-1 (45) Stingl,W-Winkler,G (2110) Germany 1988}) 11... Qxd7 12. Qxd7
Nxd7 13. Rfd1 cxd4 14. Bb4 Rfe8 15. Rxd4 Nf6 16. cxd5 Bxd5 (16... exd5 $11 17.
e3 Rac8) 17. Bxd5 ({White should play} 17. e4 $16 Bb7 18. f3) 17... Nxd5 $11 {
The position is equal.} 18. e4 Nxb4 19. Rxb4 {Endgame KRR-KRR} Red8 20. Rc1
Rac8 21. Rbc4 Rxc4 22. Rxc4 {KR-KR} g5 23. Rc7 Rd2 24. Rxa7 Rxb2 25. h3 h5 26.
Kg2 Kg7 27. Kf3 Kf6 (27... g4+ $5 28. hxg4 hxg4+ 29. Kxg4 Rxf2 $11) 28. Rb7 Ke5
(28... g4+ $5 29. hxg4 hxg4+ 30. Kxg4 Rxf2 $11) 29. Rxf7 Rxa2 30. Rh7 {[#]} g4+
$1 31. hxg4 hxg4+ 32. Kxg4 Rxf2 33. Rh5+ Kxe4 34. Rb5 e5 35. Rxb6 Kd3 36. Rb3+
Kc4 37. Ra3 $1 e4 38. Ra4+ Kd3 39. Ra3+ Ke2 40. Ra2+ Kf1 41. Ra1+ Ke2 42. Ra2+
Kf1 43. Ra1+ Ke2 44. Ra2+ {Precision: White = 82%, Black = 63%.} 1/2-1/2

[Event "Yingmei Cup CHN-chT 2017"]
[Site "?"]
[Date "2017.07.28"]
[Round "10"]
[White "Ren, Xiaoyi"]
[Black "Zhang, Xiaowen"]
[Result "1/2-1/2"]
[WhiteElo "2262"]
[BlackElo "2345"]
[Annotator "TA"]
[PlyCount "119"]
[EventDate "2017.??.??"]
[SourceTitle "Ningbo"]

1. d4 Nf6 2. c4 e6 3. Bf4 d5 4. e3 c5 5. Nf3 Nc6 (5... cxd4 6. exd4 Be7 7. Nc3
O-O 8. a3 b6 9. Bd3 Ba6 10. Qe2 Nc6 11. Rd1 dxc4 12. Bxc4 Bxc4 13. Qxc4 Rc8 14.
Qa2 Qd7 15. O-O Rfd8 {1/2-1/2 (33) Kiik,K (2403)-Zajic,M (2501) Novi Sad 2016})
6. Nc3 {[%emt 0:00:03] D02:1 d4 d5 2 Nf sidelines, including 2...Nf6 3 g3 and
2...Nf6 3 Bf4} a6 {LiveBook: 3 Games} 7. a4 (7. a3 $14) 7... cxd4 8. exd4 Bb4
9. Bd3 dxc4 10. Bxc4 Nd5 $146 ({Predecessor:} 10... O-O 11. O-O b6 12. Qd3 Bb7
13. Rfd1 {0-1 (39) Beltz,M (2104)-Klek,H (2235) Bad Wiessee 2013}) 11. Bd2 Nb6
12. Qb3 (12. Bb3 {is interesting.} Na5 13. O-O Nxb3 14. Qxb3 a5 15. Nb5) 12...
Nxd4 (12... O-O {feels hotter.} 13. O-O Nxc4 14. Qxc4 a5 15. Be3 Ne7) 13. Nxd4
Qxd4 14. Qxb4 {Bb5+! is the strong threat.} Nxc4 15. O-O-O Nxd2 16. Qxd4 Nb3+
17. Kc2 Nxd4+ 18. Rxd4 Bd7 19. b4 Ke7 20. Re1 {And now Nd5+ would win.} Bc6 21.
f3 Rhd8 22. Red1 Rxd4 23. Rxd4 $17 {Endgame KRB-KRN} Rd8 24. Rh4 h6 25. Rc4 Rc8
26. Kd2 e5 27. Ke3 Bd7 28. Rxc8 Bxc8 {KB-KN} 29. f4 Kd6 30. Ke4 (30. a5 $142)
30... f5+ $19 31. Ke3 g5 32. g3 (32. fxg5 $142 hxg5 33. g4) 32... Be6 33. a5
Bd7 34. Kf3 Bc6+ 35. Ke3 Ke6 36. h4 $2 (36. Kd3) 36... exf4+ 37. gxf4 gxh4 {
Strongly threatening ...h3.} 38. Kf2 Kf6 39. Nd1 $2 (39. Kg1) 39... Be4 $2 (
39... Kg6 40. Kg1 Kf6) 40. Kg1 Bf3 41. Nc3 Kg6 42. Kh2 Kh5 43. Kh3 Bg4+ 44. Kh2
h3 45. Nd5 {intending Ne7.} Bf3 46. Ne3 Kh4 47. Nxf5+ Kg4 48. Nxh6+ Kxf4 49.
Kxh3 $2 (49. Nf7 Bd5 50. Nd6) 49... Bd5 50. Kh4 Be6 51. Kh5 Ke4 52. Kg5 {[#]}
Kd4 $2 (52... Ke5 $1 $19 53. Kg6 Kd4) 53. Kf6 $15 Kd5 54. Ke7 {[#]} Ke5 $1 55.
Kd8 $2 (55. Kf8 $19) 55... Kd6 56. Ke8 Kc6 {Threatens to win with ...Kb5.} 57.
Ke7 $1 Bd5 58. Nf5 {The position is equal.} Kb5 (58... Be4 $5 59. Nd6 Bd3 $17)
59. Kd6 $1 Bh1 (59... Be4 $5 60. Ng3 Bc6 $11) 60. Kc7 {Precision: White = 43%,
Black = 71%.} 1/2-1/2

[Event "Yingmei Cup CHN-chT 2017"]
[Site "?"]
[Date "2017.07.28"]
[Round "10"]
[White "Zhu, Jiner"]
[Black "Yang, Yijing"]
[Result "1-0"]
[WhiteElo "2154"]
[BlackElo "1910"]
[Annotator "TA"]
[PlyCount "81"]
[EventDate "2017.??.??"]
[SourceTitle "Ningbo"]

1. e4 e6 2. d4 d5 3. Nc3 Bb4 4. exd5 exd5 5. Qf3 c6 (5... Qe7+ 6. Nge2 Nc6 7.
Qe3 Nf6 8. a3 Ba5 9. f3 h5 10. Qd3 Be6 11. Bg5 O-O-O 12. O-O-O Bb6 13. Na4 Na5
14. Nxb6+ axb6 {1-0 (44) Jobava,B (2706)-Bukal,V (2441) Plovdiv 2012}) 6. Bd2 {
C01: French: Exchange Variation} (6. Bd3 {looks sharper.} Nf6 7. Nge2 O-O 8.
O-O Re8 9. Bf4) 6... Qf6 (6... Nf6 {seems wilder.} 7. O-O-O O-O 8. h3 Bd6 9.
Bf4 b5) 7. O-O-O $146 ({Predecessor:} 7. Qxf6 Nxf6 8. Bd3 O-O 9. O-O-O b6 10.
f3 Ba6 11. Bxa6 Nxa6 12. Nge2 Rfe8 13. Rhe1 {1/2-1/2 (42) Schwermann,R (1513)
-Richter,M (1652) Germany 2003}) 7... Qxf3 8. Nxf3 {White is slightly better.}
Ne7 9. h3 f6 10. Re1 b6 11. Bd3 Kf7 12. g4 (12. Ne2 $5 Bxd2+ 13. Kxd2 $11)
12... Ba6 13. Bf4 Bxd3 14. cxd3 Rd8 15. Re3 Ng6 16. Bg3 $36 {White has good
play.} Bd6 17. Ne2 Na6 18. h4 Bxg3 19. fxg3 Re8 20. Rxe8 Rxe8 21. Kd2 c5 22. h5
Ne7 23. Rc1 Rc8 24. Nf4 g6 (24... c4 $11 {keeps the balance.}) 25. hxg6+ hxg6 {
[#]} 26. Rh1 (26. g5 $1 $16) 26... Rg8 (26... g5 $1 $11 {remains equal.}) 27.
Re1 (27. g5 $16) 27... g5 $11 28. Nh5 Nc6 29. Rf1 $1 cxd4 {[#]} (29... Nab8 $14
) 30. Nxf6 $1 $16 Rd8 $2 (30... Rg6 $16 {might work better.} 31. Nh7 Kg7) (
30... Kxf6 31. Nxd4+) 31. Nxg5+ $18 Ke7 32. Nfh7 Rc8 $2 (32... Rg8 {is more
resistant.} 33. Re1+ Kd6 34. Nf7+ Kc7) 33. Re1+ Kd6 {intending ...Ne5.} 34.
Nf7+ Kc5 35. Nf6 Rc7 36. Rc1+ Kb5 37. Nd6+ Ka4 38. Nxd5 Rd7 39. Rxc6 Nb8 {[#]}
40. Nxb6+ $1 axb6 41. Rxb6 {Precision: White = 56%, Black = 32%.} 1-0